000
00206 a2200097 4500
001
9722
090
_c
7717
_d
7717
100
_a
Heath, E.S
245
_a
Military Helicopters, V-6
260
_b
Brassey's
942
_a
NUST-CAE
_k
623.746047 HEA
999
_c
244795
_d
244795